Global development finance vol. 2: mobilizing finance and managing vulnerability: summary and country table (Record no. 75926)
[ view plain ]
| 000 -LEADER | |
|---|---|
| fixed length control field | 01066nam a2200205 a 4500 |
| 008 - FIXED-LENGTH DATA ELEMENTS--GENERAL INFORMATION | |
| fixed length control field | 060515s2005 ||||||||||||||||| || u |
| 020 ## - INTERNATIONAL STANDARD BOOK NUMBER | |
| International Standard Book Number | 0821359851 |
| 050 ## - LIBRARY OF CONGRESS CALL NUMBER | |
| Classification number | IBRD(058)GDF/CT/2005A |
| 110 ## - MAIN ENTRY--CORPORATE NAME | |
| Corporate name or jurisdiction name as entry element | World Bank |
| 245 10 - TITLE STATEMENT | |
| Title | Global development finance vol. 2: mobilizing finance and managing vulnerability: summary and country table |
| Statement of responsibility, etc. | by The World Bank |
| 260 ## - PUBLICATION, DISTRIBUTION, ETC. | |
| Place of publication, distribution, etc. | Washington, D. C. |
| Name of publisher, distributor, etc. | World Bank |
| Date of publication, distribution, etc. | 2005 |
| 300 ## - PHYSICAL DESCRIPTION | |
| Extent | xxv; 601p.; ill. |
| 350 ## - | |
| -- | 0.00 |
| 650 ## - SUBJECT ADDED ENTRY--TOPICAL TERM | |
| Topical term or geographic name entry element | DEBTS, EXTERNAL--DEVELOPING COUNTRIES--STATISTICS |
| 650 ## - SUBJECT ADDED ENTRY--TOPICAL TERM | |
| Topical term or geographic name entry element | FINANCE - DEVELOPING COUNTRIES - PERIODICALS |
| 650 ## - SUBJECT ADDED ENTRY--TOPICAL TERM | |
| Topical term or geographic name entry element | INVESTMENTS, FOREIGN --DEVELOPING COUNTRIES |
| 650 #0 - SUBJECT ADDED ENTRY--TOPICAL TERM | |
| Topical term or geographic name entry element | INTERNATIONAL FINANCE - STATISTICS - PERIODICALS |
| 995 ## - | |
| -- | SPECIAL COLLECTIONS |
| -- | 746136 |
| -- | CBU-MAIN LIBRARY (Kitwe) |
| -- | 0.00 |
| -- | IBRD(058)GDF/CT/2005B |
| -- | 2 |
| -- | AVAILABLE |
| -- | Jun 21, 2016 |
| -- | The World Bank |
| -- | 746136 |
| -- | International Publications |
| 995 ## - | |
| -- | SPECIAL COLLECTIONS |
| -- | 0.00 |
| -- | 43997 |
| -- | CBU-MAIN LIBRARY (Kitwe) |
| -- | 1 |
| -- | 0.00 |
| -- | IBRD(058)GDF/CT/2005A |
| -- | 1 |
| -- | AVAILABLE |
| -- | May 15, 2006 |
| -- | The World Bank |
| -- | 43997 |
| -- | International Publications |
| 999 ## - | |
| -- | 75926 |
| -- | 75926 |
| Withdrawn status | Lost status | Source of classification or shelving scheme | Damaged status | Not for loan | Permanent Location | Current Location | Shelving location | Date acquired | Total Checkouts | Full call number | Barcode | Date last seen | Copy number | Price effective from | Koha item type |
|---|---|---|---|---|---|---|---|---|---|---|---|---|---|---|---|
| CBU-MAIN LIBRARY, KITWE. | CBU-MAIN LIBRARY, KITWE. | 04/25/2023 | IBRD(058)GDF/CT/2005B | 746136 | 04/25/2023 | 1 | 04/25/2023 | SPECIAL COLLECTION | |||||||
| CBU-MAIN LIBRARY, KITWE. | CBU-MAIN LIBRARY, KITWE. | 04/25/2023 | IBRD(058)GDF/CT/2005A | 43997 | 04/25/2023 | 2 | 04/25/2023 | SPECIAL COLLECTION |